| 000 | 01111nam0a22002891 4500 | ||
|---|---|---|---|
| 001 | rc\3528067 | ||
| 005 | 20250610014345.0 | ||
| 021 |
_aRU _b74-37056 |
||
| 021 |
_aRU _bРг6091-74 |
||
| 035 | _a(NLR Aleph) 007626788 | ||
| 090 |
_a5980008 _c5980008 |
||
| 100 | _a20130115d1974 |||y0rusy50 ca | ||
| 101 | 0 | _arus | |
| 102 | _aRU | ||
| 105 | _aa z ||||| | ||
| 200 | 1 |
_aАдгезия полимеров _eУчеб. пособие к курсу "Химия и физика полимеров" _fМ-во высш. и сред. спец. образ. РСФСР. Ленингр. технол. ин-т им. Ленсовета. Кафедра хим. технологии резины |
|
| 210 |
_aЛенинград _c[б. и.] _d1974 |
||
| 215 |
_a104 с. _cил. _d20 |
||
| 320 | _aБиблиогр. в конце глав | ||
| 700 | 1 |
_aВаучский _bЮ. П. _gЮрий Павлович |
|
| 701 | 1 |
_aДаровских _bГ. Т. _gГалина Тимофеевна |
|
| 801 | 0 |
_aRU _bNLR _gpsbo |
|
| 801 | 1 |
_aRU _bELAR _2rusmarc |
|
| 852 |
_aNLR _j73-3/12215 |
||
| 942 | _cBOOK | ||
| 980 | _aNB | ||